000 00483nam a2200157Ia 4500
008 160316s1997 xxu||||| |||| 00| 0 eng d
082 _a344.046000
_bMAG-II
100 _aMagill Frank N
245 _aChronology of twentieth-century history Vol. II : Ecology and the environment
250 _a
260 _aLondon
_bFitzroy Dearborn Publishers
_c1997
300 _a1565p
_b
_cxi
365 _bRs.12,677.50
650 _a1. Environmental Chronological Events - U S A
700 _a
_a
999 _c16019
_d16019